000 00740nam a2200289Ia 4500
005 20260324113800.0
008 008 260324s9999 xx 000 0 eng d
020 _a9781003301455
037 _aEBOOK
040 _aCRL
040 _beng
040 _cCRL
041 _2eng
041 _aeng
084 _qCRL
100 _aChristophe Wiart
_91148149
245 0 _aHandbook of Medicinal Plants of the World for Aging
245 0 _bBotany, Ethnopharmacology, Natural Products, and Molecular Pathways
260 _bTaylor and Francis
260 _c2023
365 _a
365 _b290
856 _uhttp://www.taylorfrancis.com/books/9781003301455
942 _cEBOOK
999 _c1737979
_d1737979